00707nam a2200181 a 4500008004100000020001500041050002200056100001800078245005200096260004400148300002000192350000900212650002900221650001200250995010800262999001700370952013800387100930s2004 ||||||||||||||||| || u a8122415075 aQH 541.15.M64 KHO aKhopkar, S. M10aEnvironmental pollution: monitoring and control aNew Delhi:bNew Age Internationalc2004 avii, 484p.: ill a0.00 0aENVIRONMENTAL MONITORING aECOLOGY D0.00FCBU-MAIN LIBRARY (Kitwe)H1I0.00M1UAVAILABLEWOct 7, 2010ZMain Library Open Access Collection c42272d42272 00102lcc4070a001b001cMain Library Open Access Collectiond2022-11-30l0oQH 541.15.M64 KHOp741724r2022-11-30w2022-11-30y002